000 004400000a22001690004500
003 MACL
005 20160106155033.0
008 160106b xxu||||| |||| 00| 0 eng d
040 _aMACL
_cMACL
041 _aEnglish
082 _a831/MOR
100 _aLytton, Edward Lord
_928852
245 _aPoems and Ballads
_bSchiller
260 _bGeorge Allen And Unwin
_c1887
_aLondon
650 _aGerman Poetry
_928632
942 _cBK
_k831/Lytt
_2ddc
999 _c36679
_d36679